| 000 | 00587nab a2200193 a 4500 | ||
|---|---|---|---|
| 005 | 20210219161855.0 | ||
| 008 | 991125s1985 mx 000 0 spa u | ||
| 035 | _aUPN01000193467 | ||
| 100 | 1 | _aKristjanpoller Rodríguez, Werner | |
| 100 | 1 | _uwerner.kristjanpoller@usm.cl | |
| 222 | _aCONTADURIA Y ADMINISTRACION | ||
| 245 | _aEfecto día feriado en los principales mercados accionarios de Latinoamérica | ||
| 260 | _aMèxico | ||
| 300 | _a45-62 | ||
| 362 | 0 | _a2012 Vol. 57, no. 2, abr.-jun. | |
| 653 | 0 | _aMERCADO FINANCIERO | |
| 653 | 0 | _aAMERICA LATINA | |
| 905 | _aArticulo | ||
| 999 |
_c165568 _d165568 |
||